|
|
|
|
| LEADER |
00000nam0a2200000 4500 |
| 001 |
352001 |
| 005 |
20231102010446.0 |
| 035 |
|
|
|a (RuTPU)RU\TPU\retro\8142
|
| 090 |
|
|
|a 352001
|
| 100 |
|
|
|a 20191112d1926 k y0rusy50 ca
|
| 101 |
0 |
|
|a rus
|
| 102 |
|
|
|a RU
|
| 105 |
|
|
|a y z 000zy
|
| 200 |
1 |
|
|a Синтез 6-хлор-окси-(1)-бензойной кислоты
|e (из Лаборатории Технологии волокнистых и красящих веществ Томского Технологического Института)
|e [оттиск статьи]
|f В. И. Минаев
|
| 210 |
|
|
|d 1926
|
| 215 |
|
|
|a С. 113-118
|c табл.
|
| 225 |
1 |
|
|a Журнал Русского физико-химического общества
|i Часть химическая
|v Т. 63, вып. 1-2
|
| 316 |
|
|
|5 63413507: ШкА/2360
|a На с. 113 дарственная надпись: "В Библиотеку Сибирского Технологического Института от автора 14.X.926"
|
| 320 |
|
|
|a Библиогр. в примеч.
|
| 606 |
1 |
|
|a Кислоты и основания, теория
|2 stltpush
|3 (RuTPU)RU\TPU\subj\73331
|9 86364
|
| 610 |
1 |
|
|a коллекция ТПУ
|
| 610 |
1 |
|
|a труды учёных ТПУ
|
| 610 |
1 |
|
|a оттиски
|
| 610 |
1 |
|
|a дарственные надписи
|
| 610 |
1 |
|
|a дары библиотеке
|
| 610 |
1 |
|
|a дары автора
|
| 610 |
1 |
|
|a получение
|
| 610 |
1 |
|
|a способы
|
| 610 |
1 |
|
|a диазотирование
|
| 675 |
|
|
|a 544.36
|v 4
|
| 700 |
|
1 |
|a Минаев
|b В. И.
|c российский химик-органик
|c профессор Томского технологического института (1915-1925)
|c профессор Иваново-Вознесенского химико-технологического института (1930-1943)
|f 1877-1943
|g Василий Иванович
|2 stltpush
|3 (RuTPU)RU\TPU\pers\19082
|
| 801 |
|
1 |
|a RU
|b 63413507
|c 20191112
|
| 801 |
|
2 |
|a RU
|b 63413507
|c 20191112
|g RCR
|
| 942 |
|
|
|c BK
|